| 000 | 00400nam a2200133Ia 4500 | ||
|---|---|---|---|
| 008 | 211109s9999||||xx |||||||||||||| ||und|| | ||
| 082 |
_a894.8123 _bRAM-S |
||
| 100 | _aRamachandran, K N | ||
| 245 | 0 | _aSangkan Nadiyekku Mayle Suryan | |
| 260 |
_bNATIONAL BOOKSTALL _aKottayam |
||
| 630 | _xGENERAL STACK | ||
| 650 |
_aMalayalam Literature _vMalayalam fiction _xMalayalam NovelsGeneralia |
||
| 942 | _cBOOK | ||
| 999 |
_c70587 _d70587 |
||